Introduction to OS Job Control Language. (Record no. 120)

MARC details
005 - DATE AND TIME OF LATEST TRANSACTION
control field 20250616155526.0
020 ## - INTERNATIONAL STANDARD BOOK NUMBER
International Standard Book Number 0-205-07936-9
082 ## - DEWEY DECIMAL CLASSIFICATION NUMBER
Classification number 001.642 ROS
100 ## - MAIN ENTRY--PERSONAL NAME
Author name ROSENDORF, B.
245 ## - TITLE STATEMENT
Title Introduction to OS Job Control Language.
260 ## - PUBLICATION, DISTRIBUTION, ETC.
Place of publication, distribution, etc. Massachusetts,
Name of publisher, distributor, etc. Allyn and Bacon,
Date of publication, distribution, etc. 1983.
300 ## - PHYSICAL DESCRIPTION
Extent ix, 355p.: ill.;
Other physical details Bibliography, Glossary & Index.
Dimensions 23cm.
942 ## - ADDED ENTRY ELEMENTS (KOHA)
Source of classification or shelving scheme Dewey Decimal Classification
Koha item type Books
Holdings
Date last seen Total checkouts Full call number Barcode Cost, replacement price Price effective from Koha item type Lost status Source of classification or shelving scheme Damaged status Not for loan Withdrawn status Home library Current library Shelving location Date acquired Cost, normal purchase price
03/06/2025   001.642 ROS 000000244 30000.00 03/06/2025 Books   Dewey Decimal Classification       College of Business Education Main Library College of Business Education Main Library General Collection 03/06/2025 10000.00